Peces de los Andes de Colombia : (Registro nro. 4976)

Detalles MARC
000 -CABECERA
Campo de control 01272nam a2200313 a 4500
005 - FECHA Y HORA DE LA ULTIMA TRANSACCION
Campo de control 20200104041555.0
008 - ELEMENTOS DE LONGITUD FIJA—INFORMACION GENERAL
Campo de control 140124s2005 ck ab|||r|||| 00| 0 spa d
020 ## - ISBN
ISBN 9588151503
040 ## - FUENTE DE CATALOGACIÓN
Agencia catalogadora original CO-BoIAVH
Agencia transcriptora CO-BoIAVH
041 0# - IDIOMA
Código de idioma para texto/pista de sonido o título separado Español
044 ## - PAÍS DE PUBLICACIÓN
País de publicación Colombia
082 04 - NUMERO DE CLASIFICACION DECIMAL DEWEY
Número de clasificación 597.09861
Número del ítem M24p
100 1# - ASIENTO PRINCIPAL--NOMBRE PERSONAL
Nombre personal Maldonado Ocampo, Javier A.
Término relacionado autor
9 (RLIN) 125
245 10 - MENCION DE TITULO
Título Peces de los Andes de Colombia :
Parte restante del título guía de campo /
260 ## - PUBLICACION, DISTRIBUCION, ETC. (PIE DE IMPRENTA)
Lugar de publicación, distribución, etc. Bogotá :
Nombre del editor, distribuidor, etc. Instituto de Investigación de Recursos Biológicos Alexander von Humboldt,
Fecha de publicación, distribución, etc. 2005.
300 ## - DESCRIPCION FISICA
Extensión 346 páginas :
Otros detalles físicos ilustraciones a color y mapas ;
Dimensiones 28 x 22 cm.
650 26 - ASIENTO SECUNDARIO DE MATERIA - TERMINO TEMATICO
Término temático o nombre geográfico como elemento de entrada Peces
Subdivisión general Taxonomía
Subdivisión geográfica Región Andina (Colombia)
Subdivisión de forma Guías
9 (RLIN) 87359
650 26 - ASIENTO SECUNDARIO DE MATERIA - TERMINO TEMATICO
Término temático o nombre geográfico como elemento de entrada Peces
Subdivisión general Identificación
Subdivisión geográfica Región Andina (Colombia)
Subdivisión de forma Guías
9 (RLIN) 87360
650 26 - ASIENTO SECUNDARIO DE MATERIA - TERMINO TEMATICO
Término temático o nombre geográfico como elemento de entrada Peces
Subdivisión general Distribución de la población
Subdivisión geográfica Región Andina (Colombia)
Subdivisión de forma Guías
9 (RLIN) 87361
700 1# - ASIENTO SECUNDARIO - NOMBRE PERSONAL
Nombre personal Ortega Lara, Armando
Término de relación autor
9 (RLIN) 5057
700 1# - ASIENTO SECUNDARIO - NOMBRE PERSONAL
Nombre personal Usma Oviedo, José Saulo
Término de relación autor
9 (RLIN) 5094
700 1# - ASIENTO SECUNDARIO - NOMBRE PERSONAL
Nombre personal Galvis Vergara, Germán
Término de relación autor
9 (RLIN) 5095
700 1# - ASIENTO SECUNDARIO - NOMBRE PERSONAL
Nombre personal Villa Navarro, Francisco Antonio
Término de relación autor
9 (RLIN) 5096
700 1# - ASIENTO SECUNDARIO - NOMBRE PERSONAL
Nombre personal Vásquez Gamboa, Lucena
Término de relación autor
9 (RLIN) 5097
700 1# - ASIENTO SECUNDARIO - NOMBRE PERSONAL
Nombre personal Prada Pedreros, Saúl
Término de relación autor
9 (RLIN) 5098
700 1# - ASIENTO SECUNDARIO - NOMBRE PERSONAL
Nombre personal Ardila-Rodríguez, Carlos A.
Término de relación autor
9 (RLIN) 953
942 ## - ELEMENTOS ADICIONALES (KOHA)
Tipo de ítem Libro
Sistema de clasificación Dewey Decimal Classification
945 ## - PROCESAMIENTO LOCAL
AAAA-MM-DD - Fecha de ingreso o modificacion 2005-12-19
Existencias
Withdrawn status Lost status Sistema de Clasificación Damaged status No para préstamo Colección Inventariado Ubicación Permanente Ubicación actual Fecha de adquisición Fuente de Valor Valor Total Checkouts Número topográfico Inventario / Código de Barras Date last seen Ejemplar Price effective from Forma de adquisición Tipo de material Total Renewals Date checked out
    Dewey Decimal Classification     Humboldt Inventariado 2017 Bogotá Bogotá 19/12/2005 Instituto 20000.00 3 IAVH-597.09861 M24p 022610 25/09/2014 Ej. 3 04/12/2012 Institucional Libro 1 25/09/2014
    Dewey Decimal Classification     Humboldt Inventariado 2017 Bogotá Bogotá 19/12/2005 Instituto 20000.00 1 IAVH-597.09861 M24p 022611 10/04/2014 Ej. 1 04/12/2012 Institucional Libro   25/02/2014
    Dewey Decimal Classification     Humboldt Inventariado 2017 Bogotá Bogotá 19/12/2005 Instituto 20000.00   IAVH-597.09861 M24p 022612 04/12/2012 Ej. 2 04/12/2012 Institucional Libro    
    Dewey Decimal Classification     Humboldt Inventariado 2017 Sala Fabio Quevedo Sala Fabio Quevedo 18/07/2014 Instituto 20000.00   IAVH-597.09861 M24p 022605 04/12/2012 Ej. 4 04/12/2012 Institucional Libro    
    Local     Referencia   Villa de Leyva Villa de Leyva 19/12/2005 CID Humboldt     IAVH-00487 022607 04/12/2012 Ej. 2 04/12/2012 Institucional Libro    
    Local     Referencia   Villa de Leyva Villa de Leyva 19/12/2005 CID Humboldt     IAVH-00487 022609 04/12/2012 Ej. 3 04/12/2012 Institucional Libro